00190nam a2200073Ia 4500008004100000082001500041245003900056300002100095230907s9999||||xx |||||||||||||| ||und|| a613.2bNAN 0aNanotechnology in nutraceuticals : axxi, 465 pages :